| 000 | 01043nam a22002897a 4500 | ||
|---|---|---|---|
| 003 | AR-RoUNA | ||
| 005 | 20260428094332.0 | ||
| 008 | 260427b |||||||| |||| 00| 0 spa d | ||
| 020 | _a9789870707240 | ||
| 040 |
_aAR-RoUNA _bspa _dAR-RoUNA |
||
| 041 |
_aspa _hspa |
||
| 044 | _aag | ||
| 245 | 1 | 0 |
_aArchivo de Diseño / _cARQ. Diario Clarin; directora Ernestina Herrera de Noble |
| 250 | _a1a. ed. | ||
| 260 |
_aBuenos Aires : _bDiario Clarin, _c2009 |
||
| 300 |
_a240 f.: _bfot. col. _c28 cm |
||
| 500 | _a“Archivo de Diseño” – Clarín. Ofrece un conjunto único compuesto de dos ediciones; publicados por el Diario de Arquitectura de Clarín, hoy consideradas piezas de referencia que aborda Arquitectura y Diseño. | ||
| 650 | 4 | _aDiseño industrial | |
| 650 | 4 | _aArquitectura | |
| 650 | 4 |
_aDiseño _xTendencias |
|
| 700 | 1 |
_aHerrera de Noble, Ernestina _edrt _927701 |
|
| 908 | _aImp | ||
| 930 | _e12324 | ||
| 942 |
_2udc _cLIB |
||
| 945 |
_d2026-04-27 _aMIA |
||
| 980 |
_61 _aMaricel Allasia _81 _gMaricel Allasia |
||
| 999 |
_c12395 _d12395 |
||